| 000 | 00668nam a22002057a 4500 | ||
|---|---|---|---|
| 003 | OSt | ||
| 005 | 20160531141949.0 | ||
| 008 | 131001t xxu||||| |||| 00| 0 eng d | ||
| 020 | _a9719222131 | ||
| 050 |
_aH 61.28 _b.T161 2003 |
||
| 082 |
_aGLT 658.83 _b.T15 2003 |
||
| 100 |
_aTan, Genevieve L. _922657 |
||
| 245 |
_aFocused interview for business leaders, school administrators, faculty and staff / _cTan, Genevieve L. |
||
| 260 |
_aLas Pinas City, Philippines : _bSISC System Publications, _c2003. |
||
| 300 |
_a208 p. : _c28 cm. |
||
| 650 |
_aFocused group interviewing. _922658 |
||
| 650 |
_aMarketing research. _914197 |
||
| 942 |
_2lcc _cBK |
||
| 999 |
_c12601 _d12601 |
||